000 00295nam a22001337a 4500
008 180316b xxu||||| |||| 00| 0 eng d
020 _a60744
041 _aeng
080 _22nd ed.
_a781
100 _a45
101 _aMUZ
245 _aMusic for Sight Singing
_cOttman, R.W
942 _2udc
_cBK
999 _c45269
_d45269